000 00362nam a2200145Ia 4500
008 230917s9999||||xx |||||||||||||| ||und||
040 _e159195
_aMAIN
041 _aEnglish
082 _a342.54 S15S
100 _aShakdhar, Shyam Lal
245 0 _aSavidhan aur sansad
260 _aNew Delhi
_bNational Publishing House
_c1975
300 _a470 p.
942 _cBK
999 _c58829
_d58829